000 00238nam a22000977a 4500
008 160510b xxu||||| |||| 00| 0 eng d
041 _aeng
080 _a61
245 _aInteractive genetics:
_cLianna Johnson; John Merriam;
942 _2udc
_cBK
999 _c2010
_d2010